|
|
|
|
| LEADER |
01522nam a2200337 a 4500 |
| 001 |
29296 |
| 003 |
BD-DhAAL |
| 005 |
20160216125916.0 |
| 008 |
150524s2009 nyua b 001 0 eng |
| 010 |
|
|
|a 2008047484
|
| 020 |
|
|
|a 9781603290241 (pbk. : alk. paper)
|
| 020 |
|
|
|a 9781603290258 (large print : pbk. : alk. paper)
|
| 040 |
|
|
|a DLC
|c DLC
|d DLC
|d BD-DhAAL
|
| 050 |
0 |
0 |
|a LB2369
|b .G53 2009
|
| 082 |
0 |
0 |
|a 808/.027
|2 22
|
| 999 |
|
|
|c 34509
|d 34509
|
| 999 |
|
|
|c 34509
|
| 245 |
0 |
0 |
|a MLA handbook for writers of research papers.
|
| 246 |
3 |
0 |
|a Handbook for writers of research papers
|
| 250 |
|
|
|a 7th ed.
|
| 260 |
|
|
|a New York :
|b Modern Language Association of America,
|c 2009.
|
| 300 |
|
|
|a xxi, 292 p. :
|b ill. ;
|c 23 cm.
|
| 500 |
|
|
|a Prev. ed. entered under: Gibaldi, Joseph, 1942-
|
| 504 |
|
|
|a Includes bibliographical references (p. 258-260) and index.
|
| 541 |
|
|
|e 29296
|
| 650 |
|
0 |
|a Report writing
|v Handbooks, manuals, etc.
|9 11374
|
| 650 |
|
0 |
|a Research
|v Handbooks, manuals, etc.
|9 11375
|
| 700 |
1 |
|
|a Gibaldi, Joseph,
|d 1942-
|t MLA handbook for writers of research papers.
|9 11376
|
| 710 |
2 |
|
|a Modern Language Association of America.
|9 11377
|
| 942 |
|
|
|2 ddc
|c 1HOUR
|0 1
|
| 952 |
|
|
|0 0
|1 0
|2 ddc
|4 0
|6 808_000000000000000__027_MLA
|7 0
|9 53863
|a BRACUL
|b BRACUL
|c GEN
|d 2015-05-24
|e Karim International
|g 2700.00
|l 3
|m 4
|o 808.027 MLA
|p 3010029296
|r 2018-07-17
|s 2015-11-17
|t 1
|w 2015-05-24
|y BK
|x The book was placed on a one-hour loan, but since it's not in high demand now, it has been moved to the General Stacks on 22 October 2025.
|